header

The book of VB. NET (Record no. 366)

MARC details
000 -LEADER
fixed length control field 01137pam a2200301Ia 4500
082 04 - DEWEY DECIMAL CLASSIFICATION NUMBER
Classification number 005.2/768
100 1# - MAIN ENTRY--AUTHOR NAME
Personal name MacDonald, Matthew.
245 14 - TITLE STATEMENT
Title The book of VB. NET
260 ## - PUBLICATION, DISTRIBUTION, ETC. (IMPRINT)
Place of publication San Francisco, CA :
Name of publisher No Starch Press,
Year of publication c2002.
300 ## - PHYSICAL DESCRIPTION
Number of Pages xx, 465 p. :
Other physical details ill.
650 #0 - SUBJECT ADDED ENTRY--TOPICAL TERM
Topical Term BASIC (Computer program language)
856 40 - ELECTRONIC LOCATION AND ACCESS
Uniform Resource Identifier http://site.ebrary.com/lib/rucke/Doc?id=10006877

No items available.

© 2026 Rongo University
Contact us: librarian | system librarian | Rongo university